| 000 | 02094nam a22003617a 4500 | ||
|---|---|---|---|
| 005 | 20120817150315.0 | ||
| 008 | 120817t xxu||||| |||| 00| 0 eng d | ||
| 010 | _aENG-105567 | ||
| 020 |
_a9789380619095 _c195.00 |
||
| 020 |
_a938061909x _c195.00 |
||
| 035 | _aEN-89100 | ||
| 037 | _bDBAD/PUB | ||
| 040 |
_aDPL _bEng |
||
| 082 | 0 | 0 |
_a616.86 _222 |
| 100 | 1 |
_aKhantzian, Edward J. _951233 |
|
| 245 | 1 | 0 |
_aUnderstanding addiction as self medication : _bfinding hope behind the pain / _cby Edward J. Khantzian [and] Mark J. Albanese |
| 260 |
_aNew Delhi _bGood Times Books _c2010 |
||
| 270 |
_aH-13, Bali Nagar _bNew Delhi _e110015 |
||
| 300 |
_axvi,157p. _c22cm(pbk) |
||
| 500 | _aIncludes bibliographical references and index. | ||
| 505 | 0 | _aWhy the self-medication hypothesis? -- Addiction: disease or disorder -- The SMH and addiction as a problem in self-regulation -- Self-medication hypothesis research: affect regulation and drug preference / Jess J. Suh -- Contexts and models for understanding addiction: a brief overview -- Suffering and self-medication -- Self-medication, psychiatric disorders, and emotional pain -- Trauma and the self-medication hypothesis -- Addiction and the perpetuation of suffering -- Nicotine, marijuana, and the SMH -- Gambling and other behavioral disorders: does the SMH apply? -- The neurobiology of addictions -- How the SMH can guide treatment and recovery. | |
| 650 | 0 |
_aSubstance abuse. _951234 |
|
| 650 | 0 |
_aSelf medication. _951235 |
|
| 650 | 0 |
_aCompulsive behavior. _951236 |
|
| 650 | 1 | 2 |
_aSubstance-Related Disorders _xpsychology. _951237 |
| 650 | 2 | 2 |
_aBehavior, Addictive _xpsychology. _951238 |
| 650 | 2 | 2 |
_aSelf Medication _xpsychology. _951239 |
| 700 | 1 |
_aAlbanese, Mark J., _d1961- _951240 |
|
| 856 | 4 | 1 |
_3Table of contents only _uhttp://www.loc.gov/catdir/toc/ecip0815/2008015248.html |
| 942 |
_2ddc _cEN _h616.86 _mKHA |
||
| 999 |
_c69108 _d69108 |
||